000 00333nam a2200133 a 4500
005 20140414131915.0
008 101015s19uu xx 00 eng d
050 _aER
_bP57 2007
100 _aGerver, Jane
245 _aPIrates.
260 _aNew York :
_bSimon Spotlight / Nick Jr,
_c2007.
440 _aLazy Town
999 _c111445
_d111445